Geografia con la lettera "K" - Statistics

Statistiche generali
  • Questo quiz è stato fatto 63 volte
  • Il punteggio medio è 20 su 35
Statistiche sulle risposte
Suggerimento Risposta % Corretto
Seconda montagna più alta al mondo K2
94%
Capitale dell'Ucraina Kiev
94%
Paese con capitale Nairobi Kenya
92%
Paese con capitale Pristina Kosovo
92%
Paese con capitale Al Kuwait Kuwait
91%
Paese con capitale Astana Kazakistan
89%
Capitale della Giamaica Kingston
89%
Capitale di Saint Vincent e Grenadine Kingstown
89%
Ex capitale del Giappone Kyoto
89%
Capitale dell'Afghanistan Kabul
87%
Montagna più alta dell'Africa Kilimangiaro
87%
Stato con capitale Topeka (USA) Kansas
79%
Paese con capitale Biškek Kirghizistan
68%
Capitale della Malesia Kuala Lumpur
68%
Capitale del Nepal Kathmandu
66%
Paese con capitale Tarawa Sud Kiribati
62%
Stato con capitale Frankfort (USA) Kentucky
60%
Isola nota per i suoi "Draghi" (Indonesia) Komodo
60%
Regione storico-geografica nota per la sua pregiata lana, tra India e Pakistan Kashmir
58%
Capitale della Repubblica Democratica del Congo Kinshasa
57%
Città nota per la sua carne di Wagyū (Giappone) Kōbe
45%
Secondo deserto più esteso dell'Africa Kalahari
42%
Exclave russo tra Polonia e Lituania Kaliningrad
40%
Capitale del Sudan Khartum
40%
Capitale del Ruanda Kigali
40%
Penisola nell'Estremo Oriente russo Kamčatka
38%
Capitale dell'Uganda Kampala
36%
Città più popolosa del Pakistan Karachi
28%
Capoluogo della regione Schleswig-Holstein (Germania) Kiel
28%
Città più popolosa del Missouri Kansas City
26%
Regione geografica culturale in Medio Oriente Kurdistan
25%
Seconda città più popolosa della Lituania Kaunas
19%
Vulcano tra l'isola di Sumatra e Giava (Indonesia) Krakatoa
17%
Regione indipendentista dalla Repubblica Democratica del Congo Katanga
9%
Regione nell'est della Repubblica Democratica del Congo nota per i suoi conflitti e per le miniere di Coltan Kivu
6%
Nessun quiz corrispondente trovato
Distribuzione punteggi
Percentuale di utenti per punteggio
Percentile per numero di risposta
I tuoi punteggi nel tempo
Non hai fatto questo quiz